00677nam a2200193 a 450000100100000000500170001000800410002704000250006808200170009310000300011024500580014025000110019826000720020930000210028150000340030204900090033695201210034599900170046600002367520200930022404.0101218s1977 xxu r 001 0 spa d aDO-SdBNPbspacBNPHU axxxxxbL673e1 aLewis, H. Espencer94877310aEnsayos de un místico moderno /cH. Espencer Lewis. a4a ed. aCalifornia, Estados Unidos :bGran Lógica Suprema de Amor,c1977. a239 p. ;c20 cm. aIncluye índice analítico. aBNGR 001054708MOaGRbGRcCTd2010-12-18iLF1l0oxxxxx L673ep23675-10r2020-06-25w2020-06-25y4ZPréstamo en sala c23171d23171